LIBRARY & INFORMATION CENTRE, KCAET, TAVANUR

ONLINE PUBLIC ACCESS CATALOGUE (OPAC)

Food oils and fats / (Record no. 10414)

MARC details
000 -LEADER
fixed length control field 00467cam a2200181ua 4500
020 ## - INTERNATIONAL STANDARD BOOK NUMBER
ISBN 81 239 0520 3
041 ## - LANGUAGE CODE
Language code of text/sound track or separate title eng
082 ## - DEWEY DECIMAL CLASSIFICATION NUMBER
Classification number 664.3
Item number LAW/FO
100 ## - MAIN ENTRY--AUTHOR NAME
Personal name Lowson, Harry .
245 ## - TITLE STATEMENT
Title Food oils and fats /
250 ## - EDITION STATEMENT
Edition statement 1 /
260 ## - PUBLICATION, DISTRIBUTION, ETC. (IMPRINT)
Place of publication New Delhi :
Name of publisher C B S Publishers & Distributers ,
Year of publication 1997.
300 ## - PHYSICAL DESCRIPTION
Number of Pages 339 ; .
942 ## - ADDED ENTRY ELEMENTS (KOHA)
Koha item type Books
Holdings
Withdrawn status Lost status Damaged status Home library Current library Date acquired Full call number Accession Number Koha item type
      KAUAET KAUAET 07/04/2012 664.3 19842 Books
free website counter